000
00170nam a22000857a 4500
082
_a
823
100
_a
ENID BLYTON
245
_a
THE NAUGHTIEST GIRL IN THE SCHOOL
942
_c
BK
999
_c
8447
_d
8447